000 00512nam a2200157Ia 4500
008 151021s9999 xx 000 0 und d
020 _a9.7881894736e+012
050 _aZ 665 .R57 2009
245 _a_Advancement in Library &Information science Punit Ralhan
260 _aIndia Oxford book company 2009
300 _av,318p.
500 _aIncludes bibliography and index
500 _aIncludes bibliography and index
650 _a_Automation of library services
980 _a^d20131119 09:50:01^oanne
999 _c14620
_d14620